|
|
|
|
| LEADER |
01125nam a2200313 a 4500 |
| 001 |
1502 |
| 003 |
BD-DhAAL |
| 005 |
20150315112229.0 |
| 008 |
150315s1995 nyu b 001 0 eng |
| 010 |
|
|
|a 94040588
|
| 020 |
|
|
|a 0070705844 (alk. paper) :
|c $44.50
|
| 040 |
|
|
|a DLC
|c DLC
|d DLC
|d BD-DhAAL
|
| 050 |
0 |
0 |
|a HG8051
|b .W5 1995
|
| 082 |
0 |
0 |
|a 658
|2 20
|
| 100 |
1 |
|
|a Williams, C. Arthur
|q (Chester Arthur),
|d 1924-
|9 9646
|
| 245 |
1 |
0 |
|a Risk management and insurance /
|c C. Arthur Williams, Michael L. Smith, Peter C. Young.
|
| 250 |
|
|
|a 7th ed.
|
| 260 |
|
|
|a New York :
|b McGraw-Hill,
|c c1995.
|
| 300 |
|
|
|a xxxii, 680 p. ;
|c 25 cm.
|
| 504 |
|
|
|a Includes bibliographical references and indexes.
|
| 541 |
|
|
|e 1502
|
| 650 |
|
0 |
|a Risk management.
|9 9647
|
| 650 |
|
0 |
|a Business insurance.
|9 9648
|
| 650 |
|
0 |
|a Insurance.
|9 9591
|
| 700 |
1 |
|
|a Smith, Michael L.
|9 9649
|
| 700 |
1 |
|
|a Young, Peter C.
|9 9650
|
| 942 |
|
|
|2 ddc
|c BK
|
| 999 |
|
|
|c 34041
|d 34041
|
| 952 |
|
|
|0 0
|1 0
|2 ddc
|4 0
|6 658_000000000000000_WIL
|7 0
|9 53131
|a SCL
|b SCL
|c GEN
|d 2015-03-15
|e Gift: The Asia Foundation
|l 1
|m 4
|o 658 WIL
|p 3020001502
|r 2025-09-14
|s 2025-06-28
|t 1
|w 2015-03-15
|y BK
|